| 000 | 00699nam a22002177a 4500 | ||
|---|---|---|---|
| 003 | BD-DhJNU | ||
| 005 | 20250218070945.0 | ||
| 008 | 250212b |||||||| |||| 00| 0 eng d | ||
| 020 | _a9788131702055 | ||
| 040 |
_aBD-DhJNU _bENG _cBD-DhJNU _dBD-DhJNU |
||
| 082 |
_223 _a006.6 AHD |
||
| 100 | _aAho, Alfred V. | ||
| 245 |
_aThe design and analysis of computer algorithms / _cAlfred V. Aho, John E. Hopcroft and Jeffrey D. Ullman |
||
| 260 |
_aNew Delhi : _bPearson, _c1974. |
||
| 300 |
_ax, 470 p. : _bill. ; _c24 cm. |
||
| 504 | _aincludes bibliographical reference and index | ||
| 650 | _aComputer Algorithms | ||
| 700 | _aHopcroft, John E. | ||
| 700 | _aJeffrey, D. Ullman | ||
| 942 |
_2ddc _cBK _n0 |
||
| 999 |
_c1312 _d1312 |
||